000 01224cam a22001935a 4500
001 L155394
008 120320s1783 xxk f 000 0 eng d
035 _a(Sirsi) u155394
041 0 _aeng
100 1 _aTaylor, William
245 0 2 _aA complete system of practical arithmetic
_bwith various branches in the mathematics: adapted for the use of the Gentleman and Scholar, as well as for the man of business. The whole interspersed with A great Variety of useful Questions worked at full Length. Adorned with Proper Plates, Cuts, and Tables, In order to excite the Curiosity, and form the Minds of Youth. To which is added, By way of appendix, Book-Keeping, by Single and Double Entry, with different Forms of Acquittances, Bills of Exchange, &c. &c. By William Taylor, Teacher of the Mathematics, and Land-Surveyor
260 _aBirmingham
_bprinted for the author; sold by Pearson and Rollason, in High-Street, and R. Baldwin, Pater-Noster Row, London
_cMDCCLXXXIII. [1783]
300 _axv, [1], 586, [6] p., plates
_bill.
_c8o
520 _aWith a list of the subscribers.
583 _aCondition reviewed
_c20120620
_lcondition level 1
651 4 _aGreat Britain
_y1707-
690 _aMeasurement
_96256
942 _n0
999 _c113537
_d113537